Les 20 sélections avec le meilleur % de victoires sur une année. - Statistiques

Statistiques générales
  • Ce quiz a été pris 190 fois
  • Le résultat moyen est 18 sur 20
Statistiques - réponses
% de
victoire
Sélection Année % Correct
93 France 2003
100%
100 Espagne 2008
99%
94 Espagne 2009
99%
88 Espagne 2012
99%
83 Espagne 2007
99%
88 Argentine 2022
97%
87 Bresil 2002
97%
87 Bresil 2018
97%
83 Bresil 2006
97%
82 Bresil 2009
97%
81 Bresil 2014
97%
77 Bresil 2022
97%
78 Allemagne 2006
95%
100 Italie 2019
95%
79 Angleterre 2021
88%
88 Pays-Bas 2010
88%
100 Belgique 2019
85%
81 Algerie 2019
73%
85 Maroc 2021
67%
77 Senegal 2019
55%
Aucun quiz correspondant
Distribution des résultats
% des personnes avec chaque résultat
Percentile par nombre de réponses
Votre historique - résultats
Vous n’avez pas pris ce quiz